000
00303nam a2200109Ia 4500
008
220204s9999 xx 000 0 und d
082
_a
820 AESC
_b
AES
100
_a
Aeschylus
245
0
_a
Plays of Aeschylus, Sophocles, Euripides and Aristophanes
260
_a
Chicago
_b
William Benton
_c
1952
942
_c
BK
999
_c
36132
_d
36132